Biggest cargo airlines - Statistics

General Stats
  • This quiz has been taken 28 times
  • The average score is 15 of 25
Answer Stats
CTK Main Hub Airline % Correct
12,354 Dubai Emirates SkyCargo
91%
6,025 Frankfurt Lufthansa
87%
8,728 Seoul Korean Air
83%
10,240 Istanbul Turkish Airlines
83%
15,094 Louisville UPS Airlines
83%
7,416 Beijing Air China
74%
3,627 Abu Dhabi Etihad Airways
74%
15,211 Doha Qatar Airways
74%
5,693 Singapore Singapore Airlines
74%
8,263 Luxembourg Cargolux
70%
8,653 Guangzhou China Southern Airlines
65%
3,795 London British Airways
61%
8,503 Hong Kong Cathay Pacific Airways
61%
4,621 Addis Ababa Ethiopian Airlines
61%
3,451 Shanghai China Eastern Airlines
57%
4,536 Taipei EVA Air
57%
18,133 Memphis FedEx Express
57%
4,270 Santiago LATAM
57%
5,285 Taipei China Airlines
52%
3,603 Tokyo All Nippon Airways
35%
11,942 Miami Atlas Air
30%
5,254 Chicago United Airlines
30%
4,350 Shanghai China Cargo Airlines
17%
4,653 Ypsilanti Kalitta Air
17%
6,386 Leipzig/Halle AeroLogic
13%
No matching quizzes found
Score Distribution
Percent of People with Each Score
Percentile by Number Answered
Your Score History
You have not taken this quiz